书目信息 |
| 题名: |
电子管收音机原理与维修
|
|
| 作者: | 张丹诚 编 | |
| 分册: | ||
| 出版信息: | 长沙 湖南科学技术出版社 1981 |
|
| 页数: | 248页 | |
| 开本: | 19cm | |
| 丛书名: | ||
| 单 册: | ||
| 中图分类: | TN859 | |
| 科图分类: | ||
| 主题词: | 电子管收音机--维修 | |
| 电子资源: | ||
| ISBN: | ||
| 000 | 00666nam0 2200241 45 | |
| 001 | 0181004024 | |
| 005 | 20040514100716.4 | |
| 010 | @dCNY0.70 | |
| 091 | @a15204.57 | |
| 100 | @a19950614d1981 em y0chiy0121 ea | |
| 101 | 0 | @achi |
| 102 | @aCN@b430000 | |
| 105 | @ay z 000yy | |
| 106 | @ar | |
| 200 | 10 | @a电子管收音机原理与维修@Adian zi guan shou yin ji yuan li yu wei xiu@f张丹诚编 |
| 210 | @a长沙@c湖南科学技术出版社@d1981 | |
| 215 | @a248页@d19cm | |
| 606 | @a电子管收音机@x维修 | |
| 690 | @aTN859@v3 | |
| 701 | 0 | @a张丹诚@Azhang dan cheng@4编 |
| 801 | 0 | @aCN@b上海图书馆@c20040514 |
| 801 | 2 | @aCN@bNLC@c20040514 |
| 905 | @f4@b160255-258@dTN859@e34 | |
| 电子管收音机原理与维修/张丹诚编.-长沙:湖南科学技术出版社,1981 |
| 248页;19cm |
| ISBN :CNY0.70 |
| ● |
| 相关链接 |
|
|
|
|
正题名:电子管收音机原理与维修
索取号:TN859/34
 
预约/预借
| 序号 | 登录号 | 条形码 | 馆藏地/架位号 | 状态 | 备注 |
| 1 | 0160255 | 001321536 | 第三借阅区/ [索取号:TN859/34] | 在馆 | |
| 2 | 0160256 | 001321527 | 第三借阅区/ [索取号:TN859/34] | 在馆 | |
| 3 | 0160257 | 001321518 | 第三借阅区/ [索取号:TN859/34] | 在馆 | |
| 4 | 0160258 | 001321509 | 第三借阅区/ [索取号:TN859/34] | 在馆 | |
| 5 | 0160259 | 202120757 | 第二样本阅览室/ [索取号:TN859/34] | 在馆 |